Veľkí vizionári v dejinách

Bibliographic Details
Main Author: Belline (Author)
Other Authors: Wursterová, Alica, 1949- (Translator), Hirnerová, Oľga, 1943- (Translator)
Format: Book
Language:Slovak
French
PhysicalDescription:263 strán 21 cm
Published: Bratislava Mladé letá 2003
ISBN:8010002569
Edition:1. vyd.
Series:Tajomné svety
Subjects:

MARC

LEADER 00000cam a2200000 a 4500
001 vtls001465497
003 SK-MaSNL
005 20260301081132.0
008 240226s2003 xo grh 000 0dslo
015 |a SNBA2004/04-01273 
020 |a 8010002569  |q (viazané) 
035 |a SNK000420802 
035 |a urn:nbn:sk:snk-am3j1wz 
035 |a 0D70C608-9772-4E27-AACD-8DDD96FE1021 
035 |a urn:nbn:sk:snk-am00ghsz 
040 |a SNK  |b slo  |c SNK  |e AACR2 
041 1 |a slo  |h fre 
044 |a xo  |c SK 
072 7 |a 133  |x Ezoterizmus. Okultizmus  |2 konspekt 
072 7 |a 929  |x Biografie  |2 konspekt 
080 |a 133.592  |2 1997 
080 |a 929  |2 1997 
080 |a 2-587.5  |2 2011 
080 |a 2-534.6  |2 2011 
080 |a 2-534.6-051  |2 2001 
080 |a 133.3  |2 2011 
080 |a 001.94  |2 2011 
080 |a (0.064)  |2 2011 
080 |a 929(092)  |2 2011 
080 |a (0.062)  |2 2011 
100 0 |a Belline  |4 aut  |9 403929 
240 1 4 |a Les grands visionnaires de l'histoire  |l Slovensky 
245 1 0 |a Veľkí vizionári v dejinách  |c Belline ; [z francúzskeho originálu Les grands visionnaires de l'histoire preložila Alica Wursterová, Oľga Hirnerová] 
250 |a 1. vyd. 
260 |a Bratislava  |b Mladé letá  |c 2003 
300 |a 263 strán  |c 21 cm 
490 1 |a Tajomné svety 
650 0 7 |a vizionári  |2 SNKPH  |9 68611 
650 0 7 |a proroctvá  |2 SNKPH  |9 1964 
650 0 7 |a proroci  |2 SNKPH  |9 68612 
650 0 7 |a jasnovidci  |2 SNKPH  |9 2097 
650 0 7 |a nevysvetliteľné javy  |2 SNKPH  |9 4263 
655 7 |a biografie  |2 SNKPH  |9 27965 
655 7 |a populárno-náučné publikácie  |2 SNKPH  |9 70460 
655 7 |a výklady  |2 SNKPH  |9 29178 
700 1 |a Wursterová, Alica,  |d 1949-  |4 trl  |9 182087 
700 1 |a Hirnerová, Oľga,  |d 1943-  |4 trl  |9 256531 
830 0 |a Tajomné svety  |9 403930 
919 |a 80-10-00256-9 
958 |a TL 
958 |a OP 
958 |a BC 
999 |c 655039  |d 656969 
952 |t P60, <03>, [BOOK], {603}  |a SNK  |b SNK  |y PREZ  |7 0  |p 17A0408088  |o snkSC 114069  |i snkKSP 16075/2003  |0 0  |1 0  |4 0  |d 2003-12-18  |f 1  |l 0  |r 2025-10-03 00:00:00  |w 2026-02-23 
952 |t P60, <04>, [BOOK], {604}  |a SNK  |b SNK  |y VYP  |7 0  |p 17A0408089  |o snkSC 114069 D1  |i snkKSP 16076/2003  |0 0  |1 0  |4 0  |d 2003-12-18  |l 0  |r 2005-01-02 00:00:00  |w 2026-02-23